Kvalitný projekt - spokojný klient
Rozhovor s generálnym riaditeľom Istrobanky, a.s. Ing. I. Šramkom. Istrobanka, a.s. Bratislava začala svoju činnosť roku 1993. Členovia akciovej spoločnosti: Slovenská poisťovňa, a.s., Magistrát hlavného mesta Bratislavy, Girocredit Bank Viedeň. Rozhodujúca oblasť činnosti - poskytovanie úverov. Zah...
Salvato in:
| Autore principale: | |
|---|---|
| Natura: | Capitolo di libro |
| Lingua: | slovacco |
| Soggetti: | |
| Tags: |
Nessun Tag, puoi essere il primo ad aggiungerne!!
|
MARC
| LEADER | 00000naa a2200000 4500 | ||
|---|---|---|---|
| 001 | r015382 | ||
| 005 | 20221205085850.6 | ||
| 041 | 0 | |a slo | |
| 044 | |a SK | ||
| 245 | 1 | 0 | |a Kvalitný projekt - spokojný klient |c Soňa Babincová |
| 520 | |a Rozhovor s generálnym riaditeľom Istrobanky, a.s. Ing. I. Šramkom. Istrobanka, a.s. Bratislava začala svoju činnosť roku 1993. Členovia akciovej spoločnosti: Slovenská poisťovňa, a.s., Magistrát hlavného mesta Bratislavy, Girocredit Bank Viedeň. Rozhodujúca oblasť činnosti - poskytovanie úverov. Zahraničný akcionár umožnil realizovať devízový zahraničný platobný styk. Starostlivosť o vlastných pracovníkov. Pohľad na činnosť NBS a jej vzťahu ku komerčným bankám. | ||
| 610 | 2 | 0 | |a banky obchodné |
| 610 | 2 | 0 | |a ISTROBANKA, a.s. Bratislava |
| 610 | 2 | 0 | |a úver bankový |
| 610 | 2 | 0 | |a Girocredit Bank Viedeň |
| 610 | 2 | 0 | |a 1993 |
| 610 | 2 | 0 | |a NBS Bratislava |
| 610 | 2 | 0 | |a Slovensko |
| 610 | 2 | 0 | |a styk platobný medzinárodný |
| 100 | 1 | |a Babincová, Soňa | |